000 00327nam a2200145Ia 4500
100 _aNaik/Kshirasagar
650 _aSoftware testing
942 _cBK
245 _aSoftware testing and quality assurarance
260 _bWiley
_c2008
082 _a5.14
_bNAI
300 _a616
546 _aENGLISH
_celectronics
999 _c23660
_d23660